LEADER 01299nam a2200289 u 4500 001 000000013456 003 CaOOAMICUS 005 20070226105644.0 008 940517s1953 it u000 u ita u 035 $a10321704 040 $aMSA$bita$dPUL(R) 100 1 $aKeynes, John Maynard,$d1883-1946.$0(OLS)http://pul/name/12668 240 10$aGeneral theory of employment, interest and money.$lItaliano.$0(OLS)http://pul/title/19423 245 10$aOccupazione, interesse e moneta :$bteoria generale /$cJohn Maynard Keynes ; traduzione di Alberto Campolongo. 260 $aTorino :$bUTET,$c1953. 300 $axv, 358 p. ;$c25 cm 490 1 $aStoria e dottrine economiche ;$v2 500 $aEdizione stereotipa. 650 4$aEconomia e sociologia.$0(OLS)http://pul/subject/9749 700 1 $aCampolongo, Alberto.$0(OLS)http://pul/name/12669 830 0$aStoria e dottrine economiche ;$v2.$0(OLS)http://pul/title/19425 850 $aPUL 852 $aPUL$W1$xDP1 Cons. Gen., Altre Classi 1$y22$m46 E 3$j18964$nBK-PRI$b $qStampati$B18964$CPULBib$Z2$F18964 $H $81 941 1 $a8 961 $aINV: 40432 996 $6245$aOccupazione, interesse e moneta :$bteoria generale$9(OLS)http://pul/title/19424 996 $6260$aTorino :$bUTET$9(OLS)http://pul/publisher/48088 LEADER 01361nam a2200265 a 4500 001 000000156303 003 CaOOAMICUS 005 20161115173139.0 008 161115s1973 gw u000 u ger r 032 $aLibriCat 040 $aPUL$bita 100 1 $aWottawah, Herbert.$0(OLS)http://pul/name/99610 245 10$aRationalität des Glaubens oder Sacrificium Intellectus? : $bEin Beitrag zur existentialen Interpretation des Glaubens bei Rudolf Bultmann / $cvon Herbert Wottawah . 260 $aSt. Ottilien :$b[s.n.],$c1973. 300 $a57 p. ; $c23 cm. 502 $aEstratto di Tesi -- Pontificium Athenaeum S. Anselmi, Facultate Philosophica, 1972. 504 $aBibliografia in nota a piè pagina. 600 14$aBultmann, Rudolf Karl,$d1884-1976.$0(OLS)http://pul/subject/2381 710 2 $aPontificio Ateneo S. Anselmo. $bFacoltà di filosofia.$kTesi.$0(OLS)http://pul/name/84154 850 $aPUL 852 $aPUL$W1$xDP1 Tesi Pon. At. S. Anselmo$y29$mTH ANS 152$j179525$qTesi$B182694$CPULBib$Z2$F182694 $H39072 $82 941 1 $a16 996 $6245$aRationalität des Glaubens oder Sacrificium Intellectus? : $bEin Beitrag zur existentialen Interpretation des Glaubens bei Rudolf Bultmann / $9(OLS)http://pul/title/195920 996 $6260$aSt. Ottilien :$b[s.n.]$9(OLS)http://pul/publisher/85638